| 000 | 01968cam a22004574i 4500 | ||
|---|---|---|---|
| 003 | PE-LiUPU | ||
| 005 | 20250731165412.0 | ||
| 008 | 151027s2008 pe grm 000 0 spa d | ||
| 035 | _a(Sirsi) a155071 | ||
| 040 |
_aPE-LiUPU _bspa _cPE-LiUPU _erda |
||
| 099 |
_aTNH 2 _ F65 2008 |
||
| 100 | 1 |
_aFlores Quinteros, Cinthia Carel _eautor |
|
| 245 | 1 |
_aCaracterísticas significativas de prescripción dietética en el Hospital Nacional 'Dos de Mayo' y 'Good Hope' durante mayo - agosto del 2008 / _cCinthia Carel Flores Quinteros. |
|
| 264 | 0 | _c2008. | |
| 300 |
_a113 hojas _c30 cm |
||
| 336 |
_atext _2rdacontent |
||
| 337 |
_aunmediated _2rdamedia |
||
| 338 |
_avolume _2rdacarrier |
||
| 502 |
_aTesis _b(Lic.) -- _cUniversidad Peruana Unión, _d2008. |
||
| 504 | _aIncluye referencias | ||
| 520 | 3 | _aEl objetivo del presente trabajo de investigación ha sido conocer cuáles son las características significativas de la prescripción dietética del Hospital "Dos de Mayo" y clínica "Good Hope" durante mayo-agosto 2008. El tipo de investigación es descriptivo, transversal. En primer lugar se aplico una guía de análisis de la historia clínica en los dos centros de estudio, luego se aplico una encuesta de conocimientos sobre nutrición clínica en el Hospital Nacional "Dos de Mayo". Las unidades muestrales en ambos centros de estudios fueron 41 historias clínicas. | |
| 526 | _aSEG44 | ||
| 526 | _aSEG26 | ||
| 526 | _aP151 | ||
| 526 | _aP150 | ||
| 526 | _aP149 | ||
| 526 | _aP146 | ||
| 526 | _aP145 | ||
| 526 | _aP126 | ||
| 526 | _aP125 | ||
| 526 | _aP92 | ||
| 526 | _aP75 | ||
| 526 | _aP74 | ||
| 526 | _aP27 | ||
| 526 | _aP15 | ||
| 650 | 0 | 4 |
_aHospitales _xNutrición, |
| 700 | 1 |
_aZapana Luque, John Wilson _eautor |
|
| 596 | _a1 | ||
| 942 |
_2ddc _cTESIS |
||
| 999 |
_aTNH 2 F65 2008 _wALPHANUM _c7762 _iT01102 _lCCODEBUL3 _mBUL _r1 _sY _tTESIS _u2015-10-27 _xSALUD _PP31 _o.STAFF. Tesis _d7762 |
||
| 980 |
_81 _gALBERTO SANCHEZ Responsable de Automatización |
||